[Event "Nizhnij Novgorod Juniors"]
[Site "Nizhnij Novgorod"]
[Date "2012.08.??"]
[Round "?"]
[White "Gorozhanin, Mikhail"]
[Black "Zubov, Nikita"]
[Result "1-0"]
[WhiteElo "2226"]
[BlackElo "1845"]
[PlyCount "73"]
[EventDate "2012.08.22"]
[EventType "swiss"]
[EventRounds "9"]
[EventCountry "RUS"]
[SourceTitle "EXT 2023"]
[Source "ChessBase"]
[SourceDate "2022.10.05"]
[SourceVersion "1"]
[SourceVersionDate "2022.10.05"]
[SourceQuality "1"]

1. d4 d5 2. c4 c6 3. Nc3 Nf6 4. e3 Bf5 5. cxd5 cxd5 6. Qb3 Bc8 7. Nf3 Nc6 8. Bd3 e6 9. 0-0 Bd6 10. e4 dxe4 11. Nxe4 Be7 12. Rd1 0-0 13. Nc3 b6 14. a3 Bb7 15. Qc2 Rc8 16. Bg5 h6 17. Bxf6 Bxf6 18. d5 exd5 19. Bf5 Rb8 20. Rxd5 Qc7 21. Rd7 Qc8 22. Rxf7 Rxf7 23. Bxc8 Rxc8 24. Rd1 Na5 25. Nd4 Rd7 26. Ne6 Re7 27. Nf4 Rce8 28. f3 Bh4 29. g3 Bg5 30. Nfd5 Rf7 31. f4 Be7 32. b4 Nc6 33. Qg6 Nb8 34. Ne4 Bc6 35. Nxe7+ Rexe7 36. Rd8+ Rf8 37. Nf6+ 1-0

[Event "Nizhnij Novgorod Juniors"]
[Site "Nizhnij Novgorod"]
[Date "2012.08.??"]
[Round "?"]
[White "Vybin, Sergey"]
[Black "Zubov, Nikita"]
[Result "0-1"]
[WhiteElo "1784"]
[BlackElo "1845"]
[PlyCount "80"]
[EventDate "2012.08.22"]
[EventType "swiss"]
[EventRounds "9"]
[EventCountry "RUS"]
[SourceTitle "EXT 2023"]
[Source "ChessBase"]
[SourceDate "2022.10.05"]
[SourceVersion "1"]
[SourceVersionDate "2022.10.05"]
[SourceQuality "1"]

1. d4 d5 2. c4 c6 3. Nc3 Nf6 4. Nf3 dxc4 5. a4 Bf5 6. e3 e6 7. Bxc4 Nbd7 8. 0-0 c5 9. Qb3 Qb6 10. Qxb6 axb6 11. Re1 Rc8 12. Bb5 Rd8 13. e4 Bg6 14. d5 Be7 15. d6 Bf8 16. e5 Ng4 17. h3 Nh6 18. Ng5 Nf5 19. Nd5 exd5 20. e6 fxe6 21. Nxe6 Bxd6 22. Nxc5+ Be7 23. Nxd7 Rxd7 24. Bxd7+ Kxd7 25. Bf4 Bd6 26. Bxd6 Kxd6 27. Ra3 Re8 28. Rxe8 Bxe8 29. Rf3 g6 30. g4 Nd4 31. Rf8 Bxa4 32. Rf7 Kc6 33. Rxh7 Ne2+ 34. Kf1 Nf4 35. Rf7 Nxh3 36. Rf6+ Kc5 37. Rxg6 d4 38. Rh6 d3 39. Ke1 Nxf2 40. Kd2 Bc2 0-1

[Event "Nizhnij Novgorod Juniors"]
[Site "Nizhnij Novgorod"]
[Date "2012.08.??"]
[Round "?"]
[White "Zubov, Nikita"]
[Black "Demidov, Daniil"]
[Result "1/2-1/2"]
[WhiteElo "1845"]
[BlackElo "1934"]
[PlyCount "77"]
[EventDate "2012.08.22"]
[EventType "swiss"]
[EventRounds "9"]
[EventCountry "RUS"]
[SourceTitle "EXT 2023"]
[Source "ChessBase"]
[SourceDate "2022.10.05"]
[SourceVersion "1"]
[SourceVersionDate "2022.10.05"]
[SourceQuality "1"]

1. d4 d5 2. Nf3 Nf6 3. c4 e6 4. Bg5 Be7 5. Nc3 0-0 6. e3 h6 7. Bh4 Ne4 8. Bxe7 Qxe7 9. Bd3 Nxc3 10. bxc3 dxc4 11. Bxc4 b6 12. 0-0 Bb7 13. Re1 Nd7 14. a4 Nf6 15. Ne5 Ne4 16. Qc2 c5 17. Bd3 Nd6 18. a5 cxd4 19. cxd4 Rac8 20. Qe2 Ne4 21. axb6 axb6 22. Ra7 Ra8 23. Nc6 Qd7 24. Rxb7 Qxc6 25. Bxe4 Qxe4 26. Rxb6 Ra3 27. Qb2 Rfa8 28. Rb8+ Kh7 29. Qb1 Qxb1 30. Rbxb1 Ra2 31. Kf1 Kg6 32. Re2 Rxe2 33. Kxe2 Ra2+ 34. Kf3 Rd2 35. Rb6 Kf6 36. h4 Kg6 37. g4 h5 38. g5 Rd1 39. Kg2 1/2-1/2

[Event "Nizhnij Novgorod Juniors"]
[Site "Nizhnij Novgorod"]
[Date "2012.08.??"]
[Round "?"]
[White "Zubov, Nikita"]
[Black "Kalinin, Aleksey"]
[Result "1-0"]
[WhiteElo "1845"]
[BlackElo "1942"]
[PlyCount "89"]
[EventDate "2012.08.22"]
[EventType "swiss"]
[EventRounds "9"]
[EventCountry "RUS"]
[SourceTitle "EXT 2023"]
[Source "ChessBase"]
[SourceDate "2022.10.05"]
[SourceVersion "1"]
[SourceVersionDate "2022.10.05"]
[SourceQuality "1"]

1. d4 d5 2. Nf3 Nf6 3. c4 c6 4. Nc3 dxc4 5. a4 Bf5 6. Ne5 Nbd7 7. Nxc4 Qc7 8. g3 e5 9. dxe5 Nxe5 10. Bf4 Nfd7 11. Bg2 f6 12. 0-0 Be7 13. Rc1 Qb8 14. Ne4 0-0 15. Qb3 Be6 16. Rfd1 Nb6 17. Ned2 Nd5 18. Bxe5 fxe5 19. e4 Nb4 20. Qe3 b6 21. Nf3 Bc5 22. Qg5 Na2 23. Rc2 Qe8 24. Qxe5 Bg4 25. Qxe8 Raxe8 26. Ncd2 Rd8 27. Rf1 Nb4 28. Rc3 Nd3 29. Rc2 Be6 30. h4 Bg4 31. b3 Rd7 32. e5 h6 33. Rc3 Bxf2+ 34. Kh2 Bc5 35. Ne4 Bb4 36. Rxc6 Bxf3 37. Rxf3 Rxf3 38. Bxf3 Nxe5 39. Rc8+ Kh7 40. Bg2 Rd3 41. Re8 Ng4+ 42. Kh3 h5 43. Ng5+ Kg6 44. Be4+ Kf6 45. Re6# 1-0

[Event "Nizhnij Novgorod Cup of Nadezhda"]
[Site "Nizhnij Novgorod"]
[Date "2011.08.08"]
[Round "?"]
[White "Kalinin, Aleksey"]
[Black "Zubov, Nikita"]
[Result "1/2-1/2"]
[WhiteElo "1922"]
[BlackElo "1840"]
[PlyCount "56"]
[EventDate "2011.08.08"]
[EventType "swiss"]
[EventRounds "8"]
[EventCountry "RUS"]
[SourceTitle "EXT 2022"]
[Source "ChessBase"]
[SourceDate "2021.10.06"]
[SourceVersion "1"]
[SourceVersionDate "2021.10.06"]
[SourceQuality "1"]

1. d4 d5 2. c4 e5 3. dxe5 d4 4. Nf3 Nc6 5. a3 a5 6. Nbd2 Bg4 7. h3 Bxf3 8. Nxf3 Bc5 9. Qb3 Nge7 10. Bg5 b6 11. Rd1 0-0 12. e3 Re8 13. Bd3 h6 14. Bxe7 Qxe7 15. Be4 Nxe5 16. Bxa8 Rxa8 17. Nxe5 Qxe5 18. 0-0 dxe3 19. fxe3 Bxe3+ 20. Kh1 Bc5 21. Rde1 Qd4 22. Rxf7 Kxf7 23. Qf3+ Kg6 24. Qxa8 Qxc4 25. Qc6+ Kh7 26. Qxc7 Qh4 27. Qe5 Qf2 28. Rd1 Qc2 1/2-1/2

[Event "Nizhnij Novgorod Cup of Nadezhda"]
[Site "Nizhnij Novgorod"]
[Date "2011.08.08"]
[Round "?"]
[White "Yatzenko, Anton"]
[Black "Zubov, Nikita"]
[Result "1-0"]
[WhiteElo "2365"]
[BlackElo "1840"]
[PlyCount "43"]
[EventDate "2011.08.08"]
[EventType "swiss"]
[EventRounds "8"]
[EventCountry "RUS"]
[SourceTitle "EXT 2022"]
[Source "ChessBase"]
[SourceDate "2021.10.06"]
[SourceVersion "1"]
[SourceVersionDate "2021.10.06"]
[SourceQuality "1"]

1. e4 e5 2. f4 d5 3. exd5 e4 4. Qe2 Nf6 5. Nc3 Qe7 6. d3 Bf5 7. dxe4 Nxe4 8. Bd2 Nxc3 9. Bxc3 Qxe2+ 10. Nxe2 Bxc2 11. Nd4 Be4 12. 0-0-0 Kd8 13. Bc4 Bd6 14. Rhf1 Bxg2 15. Rf2 Be4 16. Re1 Re8 17. Rfe2 Bxf4+ 18. Bd2 Bxd2+ 19. Kxd2 f5 20. Nxf5 Rf8 21. Nxg7 Bf5 22. Rf2 1-0

[Event "Nizhnij Novgorod Cup of Nadezhda"]
[Site "Nizhnij Novgorod"]
[Date "2011.08.08"]
[Round "?"]
[White "Zubov, Nikita"]
[Black "Bojarinov, Victor A"]
[Result "0-1"]
[WhiteElo "1840"]
[BlackElo "2323"]
[PlyCount "102"]
[EventDate "2011.08.08"]
[EventType "swiss"]
[EventRounds "8"]
[EventCountry "RUS"]
[SourceTitle "EXT 2022"]
[Source "ChessBase"]
[SourceDate "2021.10.06"]
[SourceVersion "1"]
[SourceVersionDate "2021.10.06"]
[SourceQuality "1"]

1. d4 e5 2. dxe5 Nc6 3. Nf3 Qe7 4. Nc3 Nxe5 5. Nd5 Nxf3+ 6. gxf3 Qd8 7. Bg5 Qxg5 8. Nxc7+ Kd8 9. Nxa8 b6 10. Bh3 Nf6 11. a4 Bb7 12. Nxb6 axb6 13. Qd2 Qxd2+ 14. Kxd2 g6 15. c3 Bh6+ 16. Kc2 Re8 17. Rhe1 Kc7 18. b4 Re5 19. a5 bxa5 20. bxa5 Rh5 21. Bf1 Rxh2 22. a6 Ba8 23. a7 Rxf2 24. Reb1 Bxf3 25. a8Q Bxa8 26. Rxa8 Ng4 27. Ra7+ Kd8 28. Kd3 Ke7 29. c4 Ne5+ 30. Kc3 Rf4 31. Rc7 Bg7 32. Kb3 h5 33. Bh3 Re4 34. Kb4 Kd8 35. Rb7 Rxc4+ 36. Kb3 Re4 37. Rc1 Rxe2 38. Rcc7 Re3+ 39. Rc3 Rxc3+ 40. Kxc3 Ke7 41. Kd4 g5 42. Ke4 g4 43. Bf1 Ke6 44. Rb6+ d6 45. Rb8 f5+ 46. Kf4 Bh6+ 47. Kg3 Bg5 48. Rb2 h4+ 49. Kg2 f4 50. Kg1 f3 51. Ba6 Be3+ 0-1